| 000 | 00837nam a22001937a 4500 | ||
|---|---|---|---|
| 003 | DO-SdBNP | ||
| 005 | 20171127113226.0 | ||
| 008 | 171127b 1968us||||| |||| 00| 0 spa d | ||
| 040 |
_aBMPSU _bspa _cBMPSU |
||
| 100 | 1 |
_aSchneider, Herman, _d1905-2003 |
|
| 245 |
_aCiencia heath / _cHerman and Nina Schneider. |
||
| 260 |
_aMassachusetts : _bD.C. Health and Company, _c1968 |
||
| 300 |
_a6v. : _bil. ; _c24 cm. |
||
| 500 | _aLa biblioteca posee v.4, v.5 | ||
| 500 | _aFue asignado titulo de la serie para reunir la colección en la estante | ||
| 505 |
_gv.1. _tLa ciencia : Jugamos y trabajamos -- _gv.2. _tLa ciencia : Aquí y ahora -- _gv.3. _tLa ciencia : Lejos y cerca -- _gv.4. _tLa ciencia en tu vida -- _gv.5. _tLa ciencia en tu mundo -- _gv.6. _tLa ciencia : Presente y futuro |
||
| 942 |
_2ddc _cBK |
||
| 945 | _aInventariado, 2017/MFF | ||
| 999 |
_c13115 _d13115 |
||